Manual de oftalmología del Wills Eye Institute : (Registro nro. 23496)
[ vista simple ]
| 000 -LEADER | |
|---|---|
| fixed length control field | 01703nam a2200361 4500 |
| 001 - CONTROL NUMBER | |
| control field | 0000023742 |
| 003 - CONTROL NUMBER IDENTIFIER | |
| control field | CO-CtgCURN |
| 005 - DATE AND TIME OF LATEST TRANSACTION | |
| control field | 20250331185230.0 |
| 007 - PHYSICAL DESCRIPTION FIXED FIELD--GENERAL INFORMATION | |
| fixed length control field | ta |
| 008 - FIXED-LENGTH DATA ELEMENTS--GENERAL INFORMATION | |
| fixed length control field | 160627s2008 000 0 eng d |
| 020 ## - INTERNATIONAL STANDARD BOOK NUMBER | |
| International Standard Book Number | 9788496921221 |
| 040 ## - CATALOGING SOURCE | |
| Original cataloging agency | CO-CtgCURN |
| Language of cataloging | spa |
| Transcribing agency | coctgcurn |
| 082 0# - DEWEY DECIMAL CLASSIFICATION NUMBER | |
| Classification number | 617.7 |
| Item number | M294 |
| 245 00 - TITLE STATEMENT | |
| Title | Manual de oftalmología del Wills Eye Institute : |
| Remainder of title | diagnostico y tratamiento de la enfermedad ocular en la consulta y en urgencias / |
| Statement of responsibility, etc. | editor Justis P. Ehlers...[et .. al]. |
| 250 ## - EDITION STATEMENT | |
| Edition statement | 5a ed. |
| 260 ## - PUBLICATION, DISTRIBUTION, ETC. | |
| Place of publication, distribution, etc. | Barcelona : |
| Name of publisher, distributor, etc. | Wolters Kluwer, |
| Date of publication, distribution, etc. | 2008. |
| 300 ## - PHYSICAL DESCRIPTION | |
| Extent | xvii, 450 p. |
| 336 ## - CONTENT TYPE | |
| Source | rdacontent |
| 337 ## - MEDIA TYPE | |
| Source | rdamedia |
| Media type term | sin mediacion |
| Media type code | n |
| 338 ## - CARRIER TYPE | |
| Source | rdacarrier |
| Carrier type term | volumen |
| Carrier type code | nc |
| 504 ## - BIBLIOGRAPHY, ETC. NOTE | |
| Bibliography, etc. note | Incluye indice. |
| 505 8# - FORMATTED CONTENTS NOTE | |
| Formatted contents note | Diagnostico diferencial de los sintomas oculares -- Diagnostico diferencial de los signos oculares -- Traumatismos -- Cornea -- Conjuntiva / esclerotica / iris / anexos -- Parpado --orbita -- Pediatria -- Glaucoma -- Neurooftalmología -- Retina -- Uveitis -- Problemas oftalmicos generales -- Modalidades de imagen en oftalmología -- Farmacopea |
| 534 ## - ORIGINAL VERSION NOTE | |
| Main entry of original | Titulo original : The wills eye manual: office and emergency room diagnosis and treatment of eye disease. |
| 650 14 - SUBJECT ADDED ENTRY--TOPICAL TERM | |
| Topical term or geographic name entry element | Oftalmología |
| Form subdivision | Manuales. |
| 700 1# - ADDED ENTRY--PERSONAL NAME | |
| Personal name | Ehlers, Justis P, |
| Relator term | Editor. |
| 908 ## - PUT COMMAND PARAMETER (RLIN) | |
| Put command parameter | 160627 |
| 942 ## - ADDED ENTRY ELEMENTS (KOHA) | |
| Koha item type | Libros |
| Classification part | 617.7 |
| Item part | M294 |
| Source of classification or shelving scheme | Dewey Decimal Classification |
| Withdrawn status | Lost status | Source of classification or shelving scheme | Damaged status | Not for loan | Collection | Home library | Current library | Shelving location | Date acquired | Inventory number | Total checkouts | Full call number | Barcode | Date last seen | Copy number | Price effective from | Koha item type | Public note |
|---|---|---|---|---|---|---|---|---|---|---|---|---|---|---|---|---|---|---|
| Dewey Decimal Classification | General | Miguel Henríquez Emiliani | Miguel Henríquez Emiliani | General | 03/31/2025 | 017102 | 617.7 M294 | 017102 | 03/31/2025 | ej.1 | 03/31/2025 | Libros | 610-CIENME | |||||
| Dewey Decimal Classification | General | Miguel Henríquez Emiliani | Miguel Henríquez Emiliani | General | 03/31/2025 | 017103 | 617.7 M294 | 017103 | 03/31/2025 | ej.2 | 03/31/2025 | Libros | 610-CIENME | |||||
| Dewey Decimal Classification | General | Miguel Henríquez Emiliani | Miguel Henríquez Emiliani | General | 03/31/2025 | 017104 | 617.7 M294 | 017104 | 03/31/2025 | ej.3 | 03/31/2025 | Libros | 610-CIENME | |||||
| Dewey Decimal Classification | General | Miguel Henríquez Emiliani | Miguel Henríquez Emiliani | General | 03/31/2025 | 017105 | 617.7 M294 | 017105 | 03/31/2025 | ej.4 | 03/31/2025 | Libros | 610-CIENME | |||||
| Dewey Decimal Classification | General | Miguel Henríquez Emiliani | Miguel Henríquez Emiliani | General | 03/31/2025 | 017106 | 617.7 M294 | 017106 | 03/31/2025 | ej.5 | 03/31/2025 | Libros | 610-CIENME |